000
00299nam a22001337a 4500
003
SGT
020
_a
987-240-207-1
082
_a
647.94
_b
CHO
100
_a
CHON, KYE-SUNG
245
_a
WELCOME TO HOSPITALITY AN INTRODUCTION
260
_a
AFRICA
_b
DELMAR
_c
2001
300
_a
466
942
_2
ddc
_c
BK
999
_c
22735
_d
22735